Statistiques concernant Pays les plus proches de l'Australie - sprint d'une minute

Cliquez ici pour prendre le quiz!

Statistiques générales

  • Ce quiz a été pris 67 fois
  • Le résultat moyen est 14 sur 20

Statistiques - réponses

kmpays% Correct
1303Nouvelle-Zélande
96%
123Indonésie
86%
4Papouasie-
Nouvelle-Guinée
86%
1744Vanuatu
82%
2591Fidji
79%
3228Tonga
79%
1778Micronésie
75%
3086Kiribati
74%
2250Malaisie
74%
1391Salomon
74%
3266Îles Marshall
70%
3199Tuvalu
70%
461Timor-Leste
67%
2863Nauru
63%
1995Palaos
63%
1920Philippines
56%
2798Singapour
51%
3391Thaïlande
40%
2402Brunei
39%
3413Viêt Nam
37%

Distribution des résultats

Percentile par nombre de réponses

% des personnes avec chaque résultat

Votre développement - résultats

Vous n’avez pas pris ce quiz